Women in EuroMed : a kaleidoscopic sea of roles and places.
محفوظ في:
| مؤلف مشترك: | |
|---|---|
| التنسيق: | كتاب |
| اللغة: | الإنجليزية |
| منشور في: |
[Francia] :
Salto-Youth Euromed,
[200.?]
|
| سلاسل: | Bringing both sides together ;
7 |
| الوسوم: |
لا توجد وسوم, كن أول من يضع وسما على هذه التسجيلة!
|
MARC
| LEADER | 00000nam a22000007i 4500 | ||
|---|---|---|---|
| 001 | IT\ICCU\UBO\3698865 | ||
| 003 | ItRI | ||
| 005 | 20260115232227.0 | ||
| 008 | 091002q20002009fr |||||| ||||| |||||c | ||
| 040 | |b ita |c importazione bologna sebina | ||
| 041 | 7 | |a eng |2 ISO-639-2 | |
| 245 | 0 | 0 | |a Women in EuroMed : |b a kaleidoscopic sea of roles and places. |
| 260 | |a [Francia] : |b Salto-Youth Euromed, |c [200.?] | ||
| 300 | |a 56 p. : |b ill. ; |c 30 cm | ||
| 500 | |a Sulla cop.: EuroMed Youth Educational report. | ||
| 710 | 2 | |a Salto-Youth resource centre |0 IT\ICCU\UBOV\361928 | |
| 830 | 0 | |a Bringing both sides together ; |v 7 |0 IT\ICCU\UBO\3698867 | |
| 942 | |2 ddc |c BK |n 0 | ||
| 952 | |0 0 |1 0 |4 0 |6 DOC_305_420000000000000_SAL |7 0 |9 22387 |a BO |b BO |d 2026-01-15 |i 13161 |l 0 |o DOC 305.420 SAL |p BO13161 |r 2026-01-15 23:22:27 |w 2026-01-15 |x [Sebina 5] [1 v.] |y BK |z 1 v. | ||
| 999 | |c 19119 |d 19119 | ||